1231 1960 1211 1039 1170 1066 1742 1819 1994 1057 1873 1359 1860 1748 1026 1519 1237 1337 1474 1795 1246 1179 1396 1849 1772 1611 1430 1424 1020 1759 1236 1305 1757 1923 1018 1877 1579 1252 1053 1366 1006 1471 1947 1726 1065 1014 1762 1777 1962 1750 1417 1245 1682 1972 1598 1561 1313 1040 1926 1227 1251 1294 1561 1531 1770 1502 1907 1182 1245 1323 1491 1448 1916 1064 1255 1834 1533 1519 1198 1616 1331 1155 1866 1826 1492 1954 1032 1788 1890 1791 1143 1651 1753 1770 1219 1921 1505 1788 1415 BCNSPRNW ULIB Ver.6.0+V

เปลี่ยนเป็นภาษาไทย

Change to English
 แสดงรายละเอียดบรรณานุกรม
  กลับหน้าหลัก

Brief Record : Get Marc (ISO 2709) : E-mail record : QR code < ปิดหน้าต่าง
LEADER : 00000nam 2200000uu 4500
001    13399121147
003     ULIB
008    121107s2548||||th 000 0 tha d
020    ^a9749284569
050 04 ^aLB^bศ239ก 2548
100 0  ^aศรียา นิยมธรรม
245 10 ^aการเรียนร่วมสำหรับเด็กปฐมวัย /^cศรียา นิยมธรรม
250    ^aพิมพ์ครั้งที่ 6
260    ^aกรุงเทพฯ :^bแว่นแก้ว,^c2548
300    ^a260 หน้า :^bภาพประกอบ
504    ^aมีบรรณานุกรม
650  7 ^aการศึกษาขั้นอนุบาล
650  7 ^aการศึกษาขั้นก่อนประถม
650  7 ^aเด็กพิการ^xการศึกษา
650  7 ^aการศึกษาพิเศษ
650  7 ^aการศึกษาของเด็ก
945    ^p0^l0^i24852
995    ^aกัณชพร
999 ^a กัณชพร
รายการนี้ยังไม่มีแท็ก
คุณยังไม่ได้ล็อกอิน คุณสามารถมีกิจกรรมร่วมกับเว็บไซต์ได้ แต่ต้องล็อกอินก่อน ::
  ล็อกอิน

รายการสื่อสารสนเทศ

ลำดับที่ ประเภท เลขเรียก/บาร์โค้ด สถานที่ สถานะ
1. วิทยาศาสตร์การแพทย์ และสุขภาพ
วิทยาศาสตร์การแพทย์ และสุขภาพ
LB ศ239ก 2548  
  Barcode: 24852
ห้องสมุดวิทยาเขตสวรรค์ประชารักษ์
►หนังสือทั่วไป
บนชั้น

รายการใกล้เคียง
    ผู้แต่ง [ศรียา นิยมธรรม]

    หัวเรื่อง [การศึกษาขั้นอนุบาล]
    หัวเรื่อง [การศึกษาขั้นก่อนประถม]
    หัวเรื่อง [การศึกษาพิเศษ]
    หัวเรื่อง [การศึกษาของเด็ก]

BibComment


ยังไม่เคยถูกคอมเมนท์

คอมเมนท์ทรัพยากรรายการนี้
  คอมเมนท์: การเรียนร่วมสำหร..


 Copyright 2026. Bcnsprnw @Library